Central Library OPAC University of Rajshahi

Ten years in Japan : (Record no. 25081)

MARC details
000 -LEADER
fixed length control field 01192nam a2200289 4500
001 - CONTROL NUMBER
control field 25081
003 - CONTROL NUMBER IDENTIFIER
rucl marc code BD-RjUL
005 - DATE AND TIME OF LATEST TRANSACTION
control field 20211209050828.0
008 - FIXED-LENGTH DATA ELEMENTS--GENERAL INFORMATION
fixed length control field 791016s1944 nyua b 001 0 eng d
035 ## - SYSTEM CONTROL NUMBER
System control number (BD-RjUL)25150
040 ## - CATALOGING SOURCE
Original cataloging agency Xerox
Modifying agency AAWM
Transcribing agency ANL
Modifying agency ANL
-- BD-RjUL
Language of cataloging eng
041 ## - LANGUAGE CODE
Language code of text/sound track or separate title eng
082 00 - DEWEY DECIMAL CLASSIFICATION NUMBER
Classification number 952.03
Edition number 19
Author mark and year GRT 1945
100 1# - MAIN ENTRY--PERSONAL NAME
Personal name Grew, Joseph C.
Fuller form of name (Joseph Clark),
Dates associated with a name 1880-1965.
9 (RLIN) 77161
245 10 - TITLE STATEMENT
Title Ten years in Japan :
Remainder of title a contemporary record drawn from the diaries and private and official papers of Joseph C. Grew, United States ambassador to Japan, 1932-1942. /
Statement of responsibility, etc. Joseph C. Grew.
260 ## - PUBLICATION, DISTRIBUTION, ETC. (IMPRINT)
Place of publication, distribution, etc. New York :
Name of publisher, distributor, etc. Simon and Schuster,
Date of publication, distribution, etc. 1944 [reprinted 1945].
300 ## - PHYSICAL DESCRIPTION
Pagination 480 p. :
Illustrations ill., ports. ;
Size 22 cm.
504 ## - BIBLIOGRAPHY, ETC. NOTE
Bibliography, etc Includes bibliographical references and index.
600 10 - SUBJECT ADDED ENTRY--PERSONAL NAME
Personal name Grew, Joseph C.
Fuller form of name (Joseph Clark),
Dates associated with a name 1880-1965.
650 #0 - SUBJECT ADDED ENTRY--TOPICAL TERM
Topical term or geographic name as entry element World War, 1939-1945
General subdivision Causes.
9 (RLIN) 538
Topical term or geographic name as entry element Diplomats
Geographic subdivision United States
General subdivision Biography.
9 (RLIN) 77163
651 #0 - SUBJECT ADDED ENTRY--GEOGRAPHIC NAME
Geographic name United States
General subdivision Foreign relations
Geographic subdivision Japan.
9 (RLIN) 77164
Geographic name Japan
General subdivision Foreign relations
Geographic subdivision United States.
9 (RLIN) 77165
Geographic name Japan
General subdivision Politics and government
Chronological subdivision 1926-1945.
9 (RLIN) 77166
942 ## - ADDED ENTRY ELEMENTS (KOHA)
Source of classification or shelving scheme Dewey Decimal Classification
Koha item type Books
Holdings
Lost status Source of classification or shelving scheme Damaged status Not for loan Collection code Permanent Location Current Location Shelving location Date acquired Source of acquisition Cost, normal purchase price Total Checkouts Full call number Date last seen Copy number Koha item type
  Dewey Decimal Classification   Added to bundle Non-fiction Central Library, University of Rajshahi Central Library, University of Rajshahi Reading Room 12/12/1956 Pak. literary pub., Lahore. 11.40   952.03 GRT 1945 16/03/2014 C-1 Books